Introducation taxatin and social policy (Record no. 514865)

000 -LEADER
fixed length control field 00411nam a22001337a 4500
008 - FIXED-LENGTH DATA ELEMENTS--GENERAL INFORMATION
fixed length control field 201225b ||||| |||| 00| 0 eng d
100 ## - MAIN ENTRY--PERSONAL NAME
Personal name Collins, M.L. Ruane, S. and Sinfiled. A.
245 ## - TITLE STATEMENT
Title Introducation taxatin and social policy
260 ## - PUBLICATION, DISTRIBUTION, ETC. (IMPRINT)
Place of publication, distribution, etc Social Policy and Society
300 ## - PHYSICAL DESCRIPTION
Extent 19(3), Jul, 2020: p.431-436
773 ## - HOST ITEM ENTRY
Main entry heading Social Policy and Society
906 ## - LOCAL DATA ELEMENT F, LDF (RLIN)
Subject DIP SOCIAL POLICY
942 ## - ADDED ENTRY ELEMENTS (KOHA)
Item type Articles
Holdings
Withdrawn status Lost status Source of classification or shelving scheme Damaged status Not for loan Permanent location Current location Date acquired Serial Enumeration / chronology Barcode Date last seen Koha item type
          Indian Institute of Public Administration Indian Institute of Public Administration 2020-12-25 19(3), Jul, 2020: p.431-436 AR123744 2020-12-25 Articles

Powered by Koha